000 00394nam a2200145Ia 4500
008 230917s9999||||xx |||||||||||||| ||und||
040 _e123512
_aMAIN
041 _aEnglish
082 _a338.4791 F871F
100 _aFrechtling, Douglas C
245 0 _aForecasting Tourism Demand: Methods and Strategies
260 _aOxford
_bButterworth Heinemann
_c2001
300 _a279p p.
942 _cBK
999 _c147614
_d147614